LEADER 00903nam0-2200325---450- 001 990009882230403321 005 20140714090718.0 010 $a978-88-15-24203-7 035 $a000988223 035 $aFED01000988223 035 $a(Aleph)000988223FED01 035 $a000988223 100 $a20140714d2013----km-y0itay50------ba 101 0 $aita 102 $aIT 105 $aa-------001yy 200 1 $a<>guerra in Iraq$fAndrea Beccaro 210 $aBologna$cIl Mulino$d2013 215 $a206 p.$c[1] carta geografica$d21 cm 225 1 $aUniversale paperbacks Il mulino$v638 610 0 $aGuerra d'Iraq <2003> 676 $a956.70443$v22$zita 700 1$aBeccaro,$bAndrea$0523430 801 0$aIT$bUNINA$gREICAT$2UNIMARC 901 $aBK 912 $a990009882230403321 952 $aCollez. 28 (638)$b51492$fFSPBC 959 $aFSPBC 996 $aGuerra in Iraq$9829786 997 $aUNINA LEADER 00947nam0-22003251i-450- 001 990002507180403321 005 20081215133845.0 035 $a000250718 035 $aFED01000250718 035 $a(Aleph)000250718FED01 035 $a000250718 100 $a20030910d1970----km-y0itay50------ba 101 0 $aeng 102 $aUS 105 $ay-------001yy 200 1 $aFundamentals of nonparametric statistics$fAlbert Pierce 210 $aBelmont (California)$cDickenson$d1970 215 $aXVIII, 301 p.$d23 cm 610 0 $aInferenza statistica, Inferenza non parametrica 610 0 $aStatistica, Statistica$ateoria generale 676 $a519 700 1$aPierce,$bAlbert$0102086 801 0$aIT$bUNINA$gRICA$2UNIMARC 901 $aBK 912 $a990002507180403321 952 $aX-B-14$b3175$fMAS 952 $aMXXIII-A-10$b1622$fMAS 959 $aMAS 996 $aFundamentals of nonparametric statistics$9440176 997 $aUNINA